Soil in our environment
Đã lưu trong:
| 主要作者: | |
|---|---|
| 格式: | 圖書 |
| 語言: | Undetermined |
| 出版: |
Upper Saddle River, NJ
Prentice-Hall
2001
|
| 主題: | |
| 標簽: |
添加標簽
沒有標簽, 成為第一個標記此記錄!
|
| Thư viện lưu trữ: | Trung tâm Học liệu Trường Đại học Cần Thơ |
|---|
| LEADER | 00557nam a2200193Ia 4500 | ||
|---|---|---|---|
| 001 | CTU_61428 | ||
| 008 | 210402s9999 xx 000 0 und d | ||
| 020 | |c 1402000 | ||
| 082 | |a 631.4 | ||
| 082 | |b M651 | ||
| 100 | |a Miller, Raymond W. | ||
| 245 | 0 | |a Soil in our environment | |
| 245 | 0 | |c Raymond W. Miller, Duane T. Gardiner | |
| 260 | |a Upper Saddle River, NJ | ||
| 260 | |b Prentice-Hall | ||
| 260 | |c 2001 | ||
| 650 | |a Soil science,Crops and soils,Soil management | ||
| 904 | |i Minh,Hải | ||
| 980 | |a Trung tâm Học liệu Trường Đại học Cần Thơ | ||